Statistics for About Japan Quiz A-Z

Click here to take the quiz!

General Stats

  • This quiz has been taken 158 times
  • The average score is 11 of 26

Answer Stats

HintAnswer% Correct
the mountain which is well-known symbol of JapanFuji
93%
the first city dropped an atomic bombHiroshima
90%
national currency, symbol is "¥"Yen
90%
comics created in JapanManga
89%
art using miniature trees grown in containersBonsai
85%
traditional female entertainersGeisha
84%
green condiment that is essential to sushiWasabi
78%
military nobility from medieval to early-modern eraSamurai
70%
battered and deep-fried vegetables or seafoodTempura
64%
indigenous people of previous HokkaidoAinu
50%
gambling game machine looks like pinballPachinko
46%
classical drama performanceKabuki
44%
previous name of OkinawaRyukyu
34%
dumpling made from rice flourDango
27%
popular music genre known for Kiyoshi HiyawaEnka
22%
style of entertainment novel targeting teenagerLight novel
21%
the most famous Japanese MLB outfield playerIchiro Suzuki
19%
rock music genre known for Dir En Grey, the GazettE, Versailles...Visual kei
18%
heavy metal band, previous name was "X"X Japan
17%
bamboo basket on which soba servedZaru
14%
fairy tale that main character helped a turtleUrashima Tarō
12%
short-legged table used in home in the old daysChabudai
11%
flower which is symbol of Japanese womanNadeshiko
11%
elegent kimono which means "12-layer robe"Jūnihitoe
10%
islands designated the World Heritage Site by UNESCO in 2011Ogasawara
7%
compact executive car by Nissan's Infiniti brand, debuted at 2013Q50
3%

Score Distribution

Percentile by Number Answered

Percent of People with Each Score

Your Score History

You have not taken this quiz